000 00611nam a2200229Ia 4500
003 OSt
005 20220928135819.0
006 a|||||r|||| 00| 0
007 ta
008 220927b |||||||| |||| 00| 0 eng d
024 _a4975
037 _cTextual
040 _aSDCL
_cSDCL
_beng
041 _2eng
_aeng
082 _aX:57.5'N7, L5
100 _aHewson John
_9492841
245 0 _aEurocurrency markets and their implications
260 _c1975
700 _a Sakakibara Eisuke
_9492842
942 _hX:57.5'N7, L5
_cTEXL
_2CC
999 _c808527
_d808527